000 00413nab a22001457 4500
003 ES-SlBCS
005 20210327224306.0
008 201006s2020 sp ||||| |||| 00| 0 spa d
040 _aES-SlBCS
_bspa
041 _aspa
100 1 _aDruel, Jean
_954928
245 1 0 _aHospitalidad y reciprocidad en Egipto
_cJean Druel
773 0 _gNúm. 387, 2020, págs. 117-124
_tConcilium
_wRev134
_x0210-1041
942 _2lcc
_cAR
999 _c487440
_d487440